000 00344nam a2200145Ia 4500
008 150201s1996 xx 000 0 und d
082 _a610.7
_bM1996P
100 _aPHILLIPS,W.J.
245 _aSHAFERS MEDICAL -SURGICAL NURSING
250 _a1ST
260 _bELSEVIER
_aDELHI
_c1996
300 _a1-990
650 _aSURGERY
942 _2ddc
_cBK
999 _c3994
_d3994